000 02169nam a2200277 a 4500
001 000010608
003 DO-SdBNP
005 20240412074220.0
008 091008s1994 dr a 001 0 spa d
040 _aDO-SdBNP
_bspa
_cBNPHU
082 _aRD861.44
_bP228a
245 0 0 _aParéntesis /
_cRafael Romero... [et al.].
260 _aSanto Domingo :
_bBúho,
_c1994.
300 _a114 p. :
_bil. ;
_c21 cm.
505 0 _aPresentación --
_tAgonía de la rata ;
_tEstos pasos ;
_tVanidad ;
_tElegía a diciembre ;
_tPreocupación final ;
_tSoledad de la rosa ;
_tSentencia ;
_tConfesión ;
_tMaría, rostro de flores ;
_tVerdades ;
_tEsos ojos ;
_tDame ;
_tAlegría suprema ;
_tQuiero ;
_tEsa sonrisa /
_rRafael Romano --
_tIntento ;
_tBoletín ;
_tLos inventores ;
_tAusencia ;
_tInventario de una mujer prevenida ;
_tLa muchacha ;
_tGuachupitera ;
_tEl amor ;
_tLos amantes /
_rAlexis Peña --
_tA la altura de la vida ;
_tYa no quiero callar ;
_tPersonajes ;
_tPobladores de esperanza ;
_tTe regalo mi infancia ;
_tPoesía a la mujer ;
_tTambor y negro ;
_tInalcanzable plenitud ;
_tMariposa ;
_tOración de los campesinos al Dios caminante /
_rKenida Melo Martínez --
_tCiudad del Universo ;
_tRio Ozama ;
_tPueblo amigo ;
_tPatria ;
_tSanto Domingo, 20 de septiembre de 1992. Marcha cimarrona. Muerte de Efraín Ortiz ;
_tTransformación ;
_tQuisiera ;
_tTu llegada ;
_tTú ;
_tPrimer capítulo ;
_tJunto a tí ;
_tReclamo de amor ;
_tNo temas ;
_tPrimogénito del amor ;
_tSabes a tiempo ;
_tCompañera ausente ;
_rRoberto Guzmán --
_tSalmo a la vida ;
_tDon supremo ;
_tPoema a la esperanza ;
_tPoemas del quiero ser ;
_tQuiero ser árbol ;
_tQuiero ser río ;
_tQuiero ser ave ;
_tQuiero ser viento ;
_tQuiero ser tierra ;
_tInvitación ;
_tGolpes ;
_tDistancia ;
_tDesafío ;
_tPoemas del sol ;
_tPoema a la alegría /
_rNicolás Guevara.
590 _aInventariado, 2018/LP
650 0 _aPoesía dominicana
_966
650 0 _aLiteratura dominicana.
_967
700 1 2 _aRomero, Rafael
_920893
700 1 2 _aPeña, Alexis
_95700
700 1 2 _aMelo Martínez, Kénida
_925685
700 1 2 _aGuzmán, Roberto
_925686
700 1 2 _aGuevara, Nicolás
_922224
910 _aValidado. Control de calidad MMOLINA
942 _2ddc
_cLBS1
999 _c10366
_d10366